Hra s kórejskými premenami
Dve rozdielne Kórey predstavujú posledné rezíduum dohôd po skončení 2. sv. vojny o rozdelení štátov spojené s vytváraním sfér vplyvu. Južná Kórea patrila do konca 80. rokov k surovým diktatúram. Potom sa stala jedným z ázijských tigrov. Mladý vodca Kim Čong-un sa stal ústretovým pri riešení bezpečno...
Uložené v:
| Hlavný autor: | |
|---|---|
| Médium: | Kapitola |
| Jazyk: | Slovak |
| Predmet: | |
| Tagy: |
Žiadne tagy, Buďte prvý, kto otaguje tento záznam!
|
MARC
| LEADER | 00000naa a2200000 4500 | ||
|---|---|---|---|
| 001 | 0247515 | ||
| 005 | 20240502073949.0 | ||
| 041 | 0 | |a slo | |
| 044 | |a SK | ||
| 245 | 1 | 0 | |a Hra s kórejskými premenami |c František Škvrnda |
| 520 | |a Dve rozdielne Kórey predstavujú posledné rezíduum dohôd po skončení 2. sv. vojny o rozdelení štátov spojené s vytváraním sfér vplyvu. Južná Kórea patrila do konca 80. rokov k surovým diktatúram. Potom sa stala jedným z ázijských tigrov. Mladý vodca Kim Čong-un sa stal ústretovým pri riešení bezpečnostných hrozieb - prisľúbil ukončenie jadrového programu Severnej Kórey. Usporiadanie vzťahov na Kórejskom polostrove by nebolo také zložité, keby Washington pripustil, že v prípade zlepšenia situácie odtiaľ odíde. | ||
| 610 | 2 | 0 | |a politika medzinárodná |
| 610 | 2 | 0 | |a vzťahy medzinárodné |
| 610 | 2 | 0 | |a bezpečnosť medzinárodná |
| 610 | 2 | 0 | |a Severná Kórea |
| 610 | 2 | 0 | |a Južná Kórea |
| 610 | 2 | 0 | |a USA |
| 100 | 1 | |a Škvrnda, František | |